[Event "Reunion op 12th"]
[Site "St Denis"]
[Date "2010.10.14"]
[Round "7"]
[White "Metzger, Clement"]
[Black "Lebon, Yohan"]
[Result "1-0"]
[WhiteElo "2197"]
[BlackElo "1819"]
[PlyCount "47"]
[EventDate "2010.10.09"]
[EventType "swiss"]
[EventRounds "9"]
[EventCountry "RUF"]
[SourceTitle "CBM 138 Extra"]
[Source "ChessBase"]
[SourceDate "2010.10.29"]
[SourceVersion "1"]
[SourceVersionDate "2010.10.29"]
[SourceQuality "1"]

1. e4 c5 2. Nf3 Nc6 3. c3 d5 4. exd5 Qxd5 5. d4 Bg4 6. Be2 cxd4 7. cxd4 e6 8. 0-0 Nf6 9. h3 Bh5 10. Nc3 Qa5 11. g4 Bg6 12. Ne5 a6 13. Bf3 Rc8 14. h4 Bb4 15. h5 Bxc3 16. Bxc6+ bxc6 17. hxg6 hxg6 18. bxc3 Qxc3 19. Be3 Qa5 20. Qf3 Rh4 21. g5 Ke7 22. gxf6+ gxf6 23. Bg5 Rh5 24. Qxf6+ 1-0

[Event "Reunion op 12th"]
[Site "St Denis"]
[Date "2010.10.09"]
[Round "1"]
[White "Deurvillier, Martial"]
[Black "Metzger, Clement"]
[Result "0-1"]
[WhiteElo "1590"]
[BlackElo "2197"]
[PlyCount "42"]
[EventDate "2010.10.09"]
[EventType "swiss"]
[EventRounds "9"]
[EventCountry "RUF"]
[SourceTitle "CBM 138 Extra"]
[Source "ChessBase"]
[SourceDate "2010.10.29"]
[SourceVersion "1"]
[SourceVersionDate "2010.10.29"]
[SourceQuality "1"]

1. d4 g6 2. Nf3 Bg7 3. e3 d6 4. Be2 Nf6 5. 0-0 0-0 6. b3 a5 7. Nc3 c6 8. Bb2 Qc7 9. a4 e5 10. dxe5 dxe5 11. Nd2 Rd8 12. Qc1 Na6 13. Na2 Bf5 14. Nc4 Nd5 15. f3 Be6 16. e4 Nf4 17. Qe3 b5 18. axb5 cxb5 19. Nd2 Bf8 20. Kh1 Bc5 21. Qc3 Nxe2 0-1

[Event "FRA-ch Accession"]
[Site "Pau"]
[Date "2008.08.14"]
[Round "3"]
[White "Bissieres, Mathieu"]
[Black "Metzger, Clement"]
[Result "1-0"]
[WhiteElo "2275"]
[BlackElo "2179"]
[PlyCount "96"]
[EventDate "2008.08.11"]
[EventType "swiss"]
[EventRounds "9"]
[EventCountry "FRA"]
[SourceTitle "CBM 126 Extra"]
[Source "ChessBase"]
[SourceDate "2008.11.05"]
[SourceVersion "1"]
[SourceVersionDate "2008.11.05"]
[SourceQuality "1"]

1. e4 c5 2. Nf3 Nc6 3. Nc3 Nf6 4. Bb5 Qc7 5. 0-0 Nd4 6. Ba4 e5 7. d3 h6 8. Nxd4 cxd4 9. Ne2 Qa5 10. Bb3 d6 11. f4 Be6 12. Bd2 Qc7 13. Ng3 Bxb3 14. axb3 a6 15. Rf2 h5 16. h3 h4 17. Nf1 Rc8 18. fxe5 dxe5 19. Bg5 Be7 20. Qf3 Qd7 21. Nh2 Qe6 22. Ra5 Bb4 23. Ra1 Be7 24. Raf1 Rc6 25. Bc1 Kd7 26. Qd1 Kc8 27. Rf5 g6 28. R5f2 Rh7 29. Bg5 Nh5 30. Nf3 f6 31. Bd2 Ng3 32. Re1 Bd8 33. Qb1 Kb8 34. c4 dxc3 35. bxc3 Rb6 36. b4 g5 37. d4 g4 38. d5 Qd7 39. hxg4 h3 40. gxh3 Rxh3 41. Nh2 f5 42. gxf5 Qg7 43. Rg2 Bg5 44. Bxg5 Qxg5 45. Qc1 Qg8 46. Re3 Rbh6 47. Qe1 Ne2+ 48. Qxe2 Rxh2 1-0

[Event "FRA-chT2 North 0607"]
[Site "France"]
[Date "2007.03.18"]
[Round "9.3"]
[White "Cheron, Stephane"]
[Black "Metzger, Clement"]
[Result "1/2-1/2"]
[WhiteElo "2022"]
[BlackElo "2160"]
[PlyCount "70"]
[EventDate "2006.10.15"]
[EventType "team"]
[EventRounds "11"]
[EventCountry "FRA"]
[SourceTitle "EXT 2008"]
[Source "ChessBase"]
[SourceDate "2007.11.25"]
[SourceVersion "1"]
[SourceVersionDate "2007.11.25"]
[SourceQuality "1"]
[WhiteTeam "Arcueil"]
[BlackTeam "Bois Colombes II"]
[WhiteTeamCountry "FRA"]
[BlackTeamCountry "FRA"]

1. e4 c5 2. Nf3 Nc6 3. d4 cxd4 4. Nxd4 Nf6 5. Nxc6 bxc6 6. Bd3 e5 7. 0-0 Bc5 8. h3 0-0 9. c4 Rb8 10. Nc3 Bd4 11. Qc2 Nh5 12. Ne2 Bc5 13. Qc3 d6 14. Bc2 Qe7 15. a3 Ba6 16. b4 Bb6 17. a4 Rfc8 18. Qd3 Nf6 19. Ba3 Bb7 20. Ng3 g6 21. Qd2 Bd4 22. Rad1 d5 23. c5 a5 24. Qg5 h6 25. Nf5 hxg5 26. Nxe7+ Kg7 27. Nxc8 axb4 28. Bxb4 Bxc8 29. Bd2 Rb2 30. Bd3 dxe4 31. Bc4 g4 32. Kh2 Bxc5 33. h4 Rc2 34. Bb3 Rb2 35. Bc4 Rc2 1/2-1/2

[Event "FRA-chT2A 0506"]
[Site "France"]
[Date "2006.02.05"]
[Round "7.3"]
[White "Harovelo, Ingmar"]
[Black "Metzger, Clement"]
[Result "1-0"]
[WhiteElo "2222"]
[BlackElo "2161"]
[PlyCount "47"]
[EventDate "2005.10.27"]
[EventType "team-tourn"]
[EventRounds "11"]
[EventCountry "FRA"]
[SourceTitle "EXT 2006"]
[Source "ChessBase"]
[SourceDate "2005.11.24"]
[SourceVersion "1"]
[SourceVersionDate "2005.11.24"]
[SourceQuality "1"]
[WhiteTeam "Issy les Moulineaux"]
[BlackTeam "Bois Colombes II"]
[WhiteTeamCountry "FRA"]
[BlackTeamCountry "FRA"]

1. d4 g6 2. c4 Bg7 3. Nf3 d6 4. g3 e5 5. dxe5 dxe5 6. Qxd8+ Kxd8 7. Be3 e4 8. Bd4 Bxd4 9. Nxd4 f5 10. Nc3 c6 11. 0-0-0 Kc7 12. g4 Nh6 13. gxf5 gxf5 14. Rg1 Ng4 15. f3 Ne3 16. Rg7+ Kb6 17. Nb3 Nd7 18. Rdxd7 Bxd7 19. Rxd7 a5 20. Na4+ Ka7 21. Nxa5 Ka6 22. Rxb7 Rhc8 23. Nc5+ Kxa5 24. b4# 1-0

[Event "FRA-chT2A 0506"]
[Site "France"]
[Date "2006.01.14"]
[Round "5.3"]
[White "Demanghon, Jonathan"]
[Black "Metzger, Clement"]
[Result "0-1"]
[WhiteElo "2128"]
[BlackElo "2161"]
[PlyCount "110"]
[EventDate "2005.10.27"]
[EventType "team-tourn"]
[EventRounds "11"]
[EventCountry "FRA"]
[SourceTitle "EXT 2006"]
[Source "ChessBase"]
[SourceDate "2005.11.24"]
[SourceVersion "1"]
[SourceVersionDate "2005.11.24"]
[SourceQuality "1"]
[WhiteTeam "Rennes Paul Bert"]
[BlackTeam "Bois Colombes II"]
[WhiteTeamCountry "FRA"]
[BlackTeamCountry "FRA"]

1. d4 g6 2. c4 Bg7 3. e4 d6 4. Nc3 e5 5. d5 Ne7 6. Be3 f5 7. f3 0-0 8. Qd2 f4 9. Bf2 g5 10. 0-0-0 Ng6 11. c5 Rf7 12. Kb1 Bf8 13. g4 Kh8 14. Bc4 a6 15. c6 Rg7 16. Rc1 bxc6 17. dxc6 Nxc6 18. Bd5 Bb7 19. Nge2 Qe8 20. h4 Nxh4 21. Bxh4 gxh4 22. Rxh4 Na5 23. Bxb7 Nxb7 24. Nd5 c6 25. Nf6 Qg6 26. Nh5 Rc7 27. Qc3 Kg8 28. Rch1 Nc5 29. Nexf4 Qg5 30. Nd3 Nxd3 31. Qxd3 Rb8 32. Ng3 Rcb7 33. b3 a5 34. Qc4+ Kh8 35. Nf5 a4 36. Kc2 axb3+ 37. axb3 Ra8 38. Rh5 Qg6 39. Qxc6 Raa7 40. Kb2 Rb4 41. Qc8 Qg8 42. Qc3 Rb5 43. Ne3 d5 44. Nxd5 Ba3+ 45. Kb1 Qb8 46. Qxe5+ Qxe5 47. Rxe5 Rxb3+ 48. Kc2 Rxf3 49. Rf5 Rg3 50. g5 Rb7 51. Rhf1 Rb2+ 52. Kd1 Rgg2 53. Nc3 Rbc2 54. Ne2 Rgxe2 55. Ra5 Rcd2# 0-1

[Event "FRA-chT2A 0506"]
[Site "France"]
[Date "2005.12.04"]
[Round "4.4"]
[White "Delalande, Thierry"]
[Black "Metzger, Clement"]
[Result "0-1"]
[WhiteElo "2155"]
[BlackElo "2168"]
[PlyCount "68"]
[EventDate "2005.10.27"]
[EventType "team-tourn"]
[EventRounds "11"]
[EventCountry "FRA"]
[SourceTitle "EXT 2006"]
[Source "ChessBase"]
[SourceDate "2005.11.24"]
[SourceVersion "1"]
[SourceVersionDate "2005.11.24"]
[SourceQuality "1"]
[WhiteTeam "Nantes"]
[BlackTeam "Bois Colombes II"]
[WhiteTeamCountry "FRA"]
[BlackTeamCountry "FRA"]

1. d4 g6 2. c4 Bg7 3. Nc3 d6 4. e4 e5 5. dxe5 Bxe5 6. Nf3 Bg7 7. Be2 Nc6 8. 0-0 Nf6 9. Bg5 h6 10. Bh4 g5 11. Bg3 Nh5 12. Qd2 0-0 13. Ne1 Nxg3 14. hxg3 Be6 15. Nc2 g4 16. Ne3 Qd7 17. Rad1 Nd4 18. Bd3 Rae8 19. Ncd5 h5 20. Nf4 h4 21. Nh5 Be5 22. Nd5 f6 23. Qh6 Qf7 24. gxh4 f5 25. Qg5+ Kh8 26. Ndf4 Kh7 27. exf5 Bxf5 28. Bxf5+ Qxf5 29. Nd5 Qxg5 30. hxg5 Ne2+ 31. Kh1 Kg6 32. Rfe1 Rh8 33. Rxe2 Rxh5+ 34. Kg1 Reh8 0-1

[Event "FRA-chT2 0304"]
[Site "France"]
[Date "2004.04.03"]
[Round "10"]
[White "Rabascall, Jacques"]
[Black "Metzger, Clement"]
[Result "0-1"]
[WhiteElo "2090"]
[BlackElo "2147"]
[PlyCount "94"]
[EventDate "2003.10.??"]
[EventType "team"]
[EventRounds "11"]
[EventCountry "FRA"]
[SourceTitle "EXT 2005"]
[Source "ChessBase"]
[SourceDate "2004.11.15"]
[SourceVersion "1"]
[SourceVersionDate "2004.11.15"]
[SourceQuality "1"]

1. c4 g6 2. Nc3 Bg7 3. d4 d6 4. e4 e5 5. Be3 Nc6 6. d5 Nce7 7. g4 f5 8. gxf5 gxf5 9. Qh5+ Kf8 10. exf5 Bxf5 11. Bh3 Nf6 12. Qf3 Qd7 13. 0-0-0 Kf7 14. Bxf5 Qxf5 15. Qe2 Ng6 16. Nf3 Nf4 17. Qd2 Bh6 18. Rhg1 a6 19. h4 Rhg8 20. Qc2 Qxc2+ 21. Kxc2 Rxg1 22. Rxg1 Rg8 23. Ng5+ Bxg5 24. hxg5 h6 25. Bxf4 exf4 26. f3 Rxg5 27. Rxg5 hxg5 28. Ne2 Nd7 29. Nd4 Ne5 30. b3 Kf6 31. Kd2 c5 32. dxc6 bxc6 33. Ke2 c5 34. Nc2 Nc6 35. Ne1 Ke5 36. Kd2 Nd4 37. Nd3+ Kf5 38. Ne1 a5 39. Kd3 Nc6 40. Kd2 Nb4 41. a3 Nc6 42. Kd3 Ke5 43. Nc2 d5 44. Ne1 Kd6 45. Kd2 dxc4 46. bxc4 Ne5 47. Kc3 a4 0-1

[Event "FRA-chT2 0304"]
[Site "France"]
[Date "2004.01.17"]
[Round "5"]
[White "Metzger, Clement"]
[Black "Grill, Marc"]
[Result "1/2-1/2"]
[WhiteElo "2147"]
[BlackElo "2156"]
[PlyCount "176"]
[EventDate "2003.10.??"]
[EventType "team"]
[EventRounds "11"]
[EventCountry "FRA"]
[SourceTitle "EXT 2005"]
[Source "ChessBase"]
[SourceDate "2004.11.15"]
[SourceVersion "1"]
[SourceVersionDate "2004.11.15"]
[SourceQuality "1"]

1. e4 e5 2. Nf3 Nc6 3. Bc4 Nf6 4. d3 Be7 5. Nbd2 0-0 6. c3 d6 7. 0-0 Na5 8. Bb5 a6 9. Ba4 b5 10. Bc2 c5 11. Re1 Qc7 12. Nf1 Re8 13. Ng3 Nc6 14. Bg5 h6 15. Bxf6 Bxf6 16. Nh5 Be7 17. h3 g6 18. Ng3 Be6 19. Nh2 Bg5 20. Ng4 Rad8 21. h4 Bxh4 22. Nxh6+ Kg7 23. Ngf5+ gxf5 24. exf5 Kxh6 25. Qg4 Qe7 26. fxe6 fxe6 27. Re4 Bg5 28. d4 Rh8 29. f4 Bf6 30. Re3 Bg5 31. dxe5 Nxe5 32. Rh3+ Kg7 33. fxe5 Rxh3 34. Qxh3 Rh8 35. Qd3 Qf7 36. Rf1 Qh5 37. exd6 Qh2+ 38. Kf2 Rf8+ 39. Ke1 Qe5+ 40. Kd1 Rxf1+ 41. Qxf1 Qxd6+ 42. Qd3 Qxd3+ 43. Bxd3 Bf6 44. Kc2 Kf7 45. b4 Be7 46. a3 cxb4 47. axb4 Bd8 48. Be4 a5 49. Bc6 axb4 50. cxb4 Ke7 51. Bxb5 Kd6 52. Bc4 Ke5 53. Kd3 Kf5 54. Ke3 Bb6+ 55. Kf3 e5 56. Bd3+ Kg5 57. Ke4 Bd4 58. Be2 Kh4 59. Bf3 Kg3 60. b5 Kh4 61. Kf5 Kg3 62. Be4 Bc3 63. b6 Ba5 64. b7 Bc7 65. Bf3 Bb8 66. Ke4 Bc7 67. Kd5 Kf4 68. Be2 Kg3 69. Bf3 Bb8 70. Kc6 Kf4 71. Kd5 Kg3 72. Ke4 Bc7 73. Kf5 Bb8 74. Kg5 Bc7 75. Kf6 Bb8 76. Kf5 Bc7 77. Ke4 Bb8 78. Kd5 Kf4 79. g4 Kxf3 80. g5 e4 81. g6 e3 82. g7 e2 83. g8Q e1Q 84. Qf8+ Kg2 85. Qxb8 Qd2+ 86. Ke6 Qh6+ 87. Kd7 Qg7+ 88. Kc6 Qc3+ 1/2-1/2

[Event "FRA-ch Accession"]
[Site "Aix les Bains"]
[Date "2003.08.19"]
[Round "7"]
[White "Metzger, Clement"]
[Black "Derieux, Christian"]
[Result "0-1"]
[WhiteElo "2134"]
[BlackElo "2207"]
[PlyCount "58"]
[EventDate "2003.08.19"]
[EventType "swiss"]
[EventRounds "11"]
[EventCountry "FRA"]
[SourceTitle "EXT 2004"]
[Source "ChessBase"]
[SourceDate "2003.11.25"]
[SourceVersion "1"]
[SourceVersionDate "2003.11.25"]
[SourceQuality "1"]

1. c4 Nf6 2. Nc3 c5 3. g3 d5 4. cxd5 Nxd5 5. Bg2 Nc7 6. Nf3 Nc6 7. d3 e5 8. Qa4 Bd7 9. Qe4 f6 10. Nh4 Nd4 11. 0-0 Bc6 12. Qg4 Bxg2 13. Kxg2 Qd7 14. Qxd7+ Kxd7 15. Be3 Be7 16. Rac1 Rae8 17. Ne4 b6 18. Bxd4 exd4 19. b4 g6 20. bxc5 f5 21. c6+ Ke6 22. Nd2 Bxh4 23. gxh4 Kd5 24. Rfe1 Rc8 25. e4+ dxe3 26. fxe3 Ne6 27. h5 Rxc6 28. Rxc6 Kxc6 29. hxg6 hxg6 0-1

[Event "Ligue-ch"]
[Site "Evry"]
[Date "2003.05.24"]
[Round "4.1"]
[White "Metzger, Clement"]
[Black "Morin, Stephane"]
[Result "1-0"]
[WhiteElo "2110"]
[BlackElo "2127"]
[PlyCount "109"]
[EventDate "2003.05.??"]
[EventType "swiss"]
[EventRounds "5"]
[EventCountry "FRA"]
[SourceTitle "EXT 2004"]
[Source "ChessBase"]
[SourceDate "2003.11.25"]
[SourceVersion "1"]
[SourceVersionDate "2003.11.25"]
[SourceQuality "1"]

1. e4 Nc6 2. Nf3 Nf6 3. e5 Ng4 4. d4 d6 5. h3 Nh6 6. e6 fxe6 7. Bd3 Nf7 8. c3 e5 9. d5 Nb8 10. Qc2 g6 11. h4 Bg4 12. h5 Bf5 13. Bxf5 gxf5 14. Qxf5 Qd7 15. Qd3 c6 16. c4 Na6 17. Be3 Rc8 18. Nc3 Nb4 19. Qe4 b6 20. 0-0 Rg8 21. g3 Qg4 22. Qxg4 Rxg4 23. Nd2 Nc2 24. Rac1 Nxe3 25. fxe3 Rxg3+ 26. Kf2 Rh3 27. Rh1 Rxh1 28. Rxh1 Ng5 29. Kg3 e6 30. dxe6 Nxe6 31. Nde4 Be7 32. Rf1 Rc7 33. Kg4 Nf8 34. b4 a6 35. Kf5 Rd7 36. Rd1 Kd8 37. a4 d5 38. cxd5 cxd5 39. Rxd5 Bxb4 40. Kxe5 Ke7 41. Kf5 Rc7 42. Re5+ Kd8 43. Nd5 Rf7+ 44. Nef6 Be7 45. Rxe7 Rxe7 46. Nxe7 Kxe7 47. Nd5+ Kf7 48. Nxb6 Ne6 49. h6 Nc5 50. e4 a5 51. e5 Ke7 52. Nd5+ Kf7 53. Nf6 Nxa4 54. e6+ Ke7 55. Nxh7 1-0

[Event "Stuttgart op 6th"]
[Site "Ditzingen"]
[Date "2001.05.24"]
[Round "1"]
[White "Metzger, Clement"]
[Black "Ortmann, David"]
[Result "0-1"]
[WhiteElo "2090"]
[BlackElo "2227"]
[PlyCount "162"]
[EventDate "2001.05.24"]
[EventType "swiss"]
[EventRounds "7"]
[EventCountry "GER"]
[SourceTitle "CBM 082 Extra"]
[Source "ChessBase"]
[SourceDate "2001.07.03"]
[SourceVersion "1"]
[SourceVersionDate "2001.07.03"]
[SourceQuality "1"]

1. e4 c5 2. Nc3 Nc6 3. g3 e6 4. Bg2 Nf6 5. Nge2 Be7 6. 0-0 0-0 7. d4 cxd4 8. Nxd4 Qc7 9. Ndb5 Qb8 10. Bf4 e5 11. Bg5 a6 12. Bxf6 Bxf6 13. Na3 b5 14. Nd5 Bd8 15. f4 Ne7 16. f5 Nxd5 17. exd5 d6 18. Be4 Qc7 19. Qe2 f6 20. Rf3 b4 21. Nc4 Qc5+ 22. Kh1 a5 23. b3 Ba6 24. Qe3 Qxe3 25. Rxe3 Bxc4 26. bxc4 Bb6 27. Re2 Bd4 28. Rd1 Rfe8 29. Bd3 Rac8 30. Re4 Rc7 31. Kg2 Kf7 32. Rde1 Rec8 33. Rd1 a4 34. Kf3 Rb8 35. Rb1 Rcb7 36. Re2 g6 37. g4 Rc7 38. Rg2 Bc3 39. Rg3 Rbc8 40. Rf1 g5 41. h4 Bd2 42. hxg5 Bxg5 43. Rh3 h6 44. Rb1 Rxc4 45. Bxc4 Rxc4 46. Rb2 Bc1 47. Rb1 Rc3+ 48. Kg2 Rxc2+ 49. Kf1 Rc4 50. Ke2 Kg7 51. Rg3 a3 52. Rgb3 Bb2 53. Rh1 Bc3 54. Rh3 Re4+ 55. Kd1 Rxg4 56. Rhxc3 bxc3 57. Rxc3 Rd4+ 58. Kc2 h5 59. Rxa3 Rxd5 60. Rg3+ Kh7 61. Rg6 h4 62. Rxf6 h3 63. Rf7+ Kh6 64. Rf8 Kg7 65. Rb8 h2 66. Rb1 Rd4 67. Rh1 Rh4 68. a4 Kf6 69. a5 Kxf5 70. a6 Ra4 71. Kb3 Rxa6 72. Rxh2 Rc6 73. Kb4 e4 74. Rh6 Ke5 75. Kb5 Rc1 76. Rh8 Kd4 77. Rh4 d5 78. Rg4 Kd3 79. Kb4 d4 80. Kb3 e3 81. Kb2 Rc8 0-1